| 000 | 01436cam a22004334i 4500 | ||
|---|---|---|---|
| 003 | PE-LiUPU | ||
| 005 | 20250731172938.0 | ||
| 008 | 150623s1976 miua rb 000 0 eng d | ||
| 035 | _a(Sirsi) a20953 | ||
| 040 |
_aPE-LiUPU _bspa _cPE-LiUPU _erda |
||
| 049 | _aPRUA | ||
| 082 | 0 | 4 |
_a281 _bB66 _221 |
| 100 | 1 |
_aBoer, Harry R., _eautor. |
|
| 245 | 1 | 2 |
_aA Short History of the early Church / _cpor Harry R. Boer. |
| 264 | 1 |
_aGrand Rapids : _bEerdmans, _cc1976. |
|
| 300 |
_a184 páginas : _bilustraciones ; _c22 centímetros |
||
| 336 |
_atext _2rdacontent |
||
| 337 |
_aunmediated _2rdamedia |
||
| 338 |
_avolume _2rdacarrier |
||
| 504 | _aBibliografía : páginas 178-179. | ||
| 526 | _aSEG42 | ||
| 526 | _aSEG41 | ||
| 526 | _aSEG40 | ||
| 526 | _aSEG39 | ||
| 526 | _aP94 | ||
| 526 | _aP87 | ||
| 526 | _aP86 | ||
| 526 | _aP85 | ||
| 526 | _aP77 | ||
| 526 | _aP76 | ||
| 526 | _aP35 | ||
| 650 | 1 | 4 |
_aHistoria de la Iglesia _yEpoca primitiva, ca. 30-600. |
| 942 |
_2ddc _cBOOK |
||
| 949 |
_a281 B66 _wDEWEY _c1 _i10885 _lCCODEBUL1 _mBUL _p00.00 _r0 _sY _tBOOK _u2015-06-24 _xBIBLIOTECA _zUNKNOWN _0COMPRA _o.STAFF. Colección General |
||
| 994 |
_aC0 _bPEPRU |
||
| 596 | _a1 | ||
| 999 |
_a281 B66 _wDEWEY _c21360 _i10885 _f2021-11-12 _g5 _lCCODEBUL1 _mBUL _p26.00 _r0 _sY _tBOOK _u2015-6-24 _xTEOLOGIA _zUNKNOWN _0COMPRA _o.STAFF. Colección Teología _d21360 |
||
| 980 |
_81 _gALBERTO SANCHEZ Responsable de Automatización |
||